000 00326nam a2200133Ia 4500
008 240624s9999 xx 000 0 und d
041 _aeng
082 _a658.1 ICF
100 _aICFAI
245 _aMERGERS AND ACQUISITIONS I
260 _c2004
_aHyderabad
_bICFAI press
300 _av, , 190 , 23 : p. : cm.
365 _cRS
_b50
999 _c6623
_d6623